000 00609nam a22001697a 4500
008 150703b xxu||||| |||| 00| 0 eng d
020 _a0534376975
050 _aGE 105 .M547 2002
100 _aMiller,G Tyler.
_d2002.
245 _aLiving in the environment:principles,connections and solutions/
_cMiller,G Tyler.
250 _aTwelfth ed
260 _aUSA:
_bThomson learning,
_c2002.
300 _axx,758[137]p.
_bindex
440 _aLiving in the environment:principles,connections and solutions/
650 _aenvironment
942 _2lcc
_cBOOKS
_hGE 105 .M547 2002
_kGE
_m105 .M547 2002
999 _c1927
_d1927